00631nam a2200229 a 4500001001300000003000900013005001700022008004100039020001000080082001400090100002100104245002700125260003300152300000800185500003500193650002800228700002100256902000800277942000700285952009400292999001500386nice12345678IN_TiNIC20260116011859.0050524s1937 beia grp 000 0 ara  ac10000a244bLEV4 aLevonian, Lootfi aMaa Hi Ghayat-Ul-Hayat aBeirutbAmerican Pressc1937 a34p aincludes index and biblioraphy aChristianity-Miscellany1 aLevonian, Lootfi bSRS cBK 00104070aHMIbHMId2007-07-05g100.00l0o244 LEV4p5147r2007-07-05w2026-01-16yARB c4681d4681